[Event "Europa ch 2008"]
[Site "Plovdiv BUL"]
[Date "2008.04.29"]
[Round "8.41"]
[White "Lysyj, Igor"]
[Black "Narciso Dublan, Marc"]
[Result "0-1"]
[WhiteElo "2595"]
[BlackElo "2509"]
[PlyCount "60"]
[EventDate "2008.04.21"]
[Source "www.chesslib.no"]
[SourceDate "2004.05.04"]

1. d4 f5 2. Nc3 d5 3. Bf4 a6 4. e4 dxe4 5. f3 Nf6 6. fxe4 fxe4 7. Bc4 Nc6 8. Be5 Ng4 9. Bd5 Bf5 10. Qe2 Ngxe5 11. dxe5 Nd4 12. Qc4 Nxc2+ 13. Ke2 e6 14. Bxb7 Qg5 15. Bc6+ Kf7 16. Bxe4 Rd8 17. Bxc2 Qxg2+ 18. Ke1 Qxh1 19. Bxf5 Qxg1+ 20. Ke2 Qxh2+ 21. Kf3 Qxe5 22. Rf1 Be7 23. Ne4 Bf6 24. Kg2 Rd4 25. Ng5+ Bxg5 26. Bxe6+ Ke7 27. Rf7+ Kd8 28. Qxa6 Rd2+ 29. Kf1 Rd1+ 30. Kf2 Qe3+ 0-1

[Event "Campionato europeo 2007"]
[Site "Dresda GER"]
[Date "2007.04.04"]
[Round "2"]
[White "Kunin, Vitaly"]
[Black "Bartel, Mateusz"]
[Result "1/2-1/2"]
[WhiteElo "2507"]
[BlackElo "2596"]
[PlyCount "108"]
[EventDate "2007.04.03"]
[Source "www.chesslib.no"]
[SourceDate "2004.05.04"]

1. Nf3 f5 2. d4 Nf6 3. g3 g6 4. c3 Bg7 5. Qb3 e6 6. Bg2 Nc6 7. O-O O-O 8. c4 d5 9. cxd5 exd5 10. Nc3 Ne7 11. Bf4 c6 12. Qc2 h6 13. h4 Ne4 14. e3 Be6 15. Ne5 Kh7 16. Nd3 Ng8 17. b4 Ngf6 18. Rab1 Rc8 19. Be5 Qe7 20. Ne2 g5 21. hxg5 hxg5 22. f3 Nd6 23. Qc5 Rfd8 24. Bxd6 Qxd6 25. Qxd6 Rxd6 26. Rfc1 Bf8 27. a4 Re8 28. b5 cxb5 29. axb5 f4 30. Nc5 Bf5 31. Ra1 b6 32. Rxa7+ Kg6 33. e4 dxe4 34. fxe4 Nxe4 35. g4 bxc5 36. gxf5+ Kf6 37. dxc5 Nxc5 38. Ra8 Rxa8 39. Bxa8 Rd2 40. Kf1 Rb2 41. Nc3 Kxf5 42. Rb1 Rxb1+ 43. Nxb1 g4 44. Nd2 Na4 45. Nc4 f3 46. b6 Bc5 47. Bxf3 gxf3 48. b7 Ba7 49. Na5 Bb8 50. Nc6 Bg3 51. b8=Q Bxb8 52. Nxb8 Nb6 53. Nc6 Ke4 54. Kf2 Nc4 1/2-1/2

[Event "Campionato europeo 2007"]
[Site "Dresda GER"]
[Date "2007.04.13"]
[Round "10.34"]
[White "Manolache, Marius"]
[Black "Bartel, Mateusz"]
[Result "0-1"]
[WhiteElo "2504"]
[BlackElo "2596"]
[PlyCount "100"]
[EventDate "2007.04.03"]
[Source "www.chesslib.no"]
[SourceDate "2004.05.04"]

1. d4 f5 2. Nc3 d5 3. Bf4 a6 4. e3 Nf6 5. a3 e6 6. Nf3 Bd7 7. Be2 c5 8. O-O Nc6 9. Ne5 Be7 10. Bh5+ g6 11. Bf3 O-O 12. Ne2 c4 13. h3 Ne8 14. Kh1 Bf6 15. Nxc6 Bxc6 16. b3 Nd6 17. a4 Qd7 18. Be5 Be7 19. Nf4 b5 20. Rg1 Nf7 21. g4 Nxe5 22. dxe5 cxb3 23. axb5 bxc2 24. Qxc2 axb5 25. Rxa8 Bxa8 26. gxf5 Rxf5 27. Ra1 Bb7 28. Ra7 g5 29. Rxb7 Qxb7 30. Qxf5 exf5 31. Bxd5+ Qxd5+ 32. Nxd5 Bc5 33. h4 b4 34. hxg5 Kf7 35. Nf4 b3 36. Nd3 Ba3 37. Kg2 b2 38. Nxb2 Bxb2 39. Kg3 Ke6 40. Kh4 Bxe5 41. Kh5 Bg7 42. f3 Ke5 43. Kh4 Bf8 44. Kh5 Bc5 45. e4 f4 46. Kg4 Be7 47. Kh5 Kd4 48. Kg4 Ke3 49. e5 Bd8 50. e6 Be7 0-1

[Event "Open Mediterranean 2013"]
[Site "Fiume CRO"]
[Date "2007.11.27"]
[Round "4.1"]
[White "Jovanic, Ognjen"]
[Black "Sedlak, Nikola"]
[Result "1/2-1/2"]
[WhiteElo "2492"]
[BlackElo "2605"]
[PlyCount "84"]
[EventDate "2007.11.25"]
[Source "www.chesslib.no"]
[SourceDate "2004.05.04"]

1. d4 f5 2. Nf3 e6 3. Bg5 Be7 4. Bxe7 Qxe7 5. Nbd2 Nf6 6. c3 d6 7. Qc2 O-O 8. e4 d5 9. e5 Ne4 10. Be2 c5 11. O-O cxd4 12. cxd4 Nc6 13. a3 Bd7 14. Rfc1 g5 15. Qd3 Be8 16. Ne1 g4 17. g3 f4 18. Bxg4 fxg3 19. Nxe4 gxh2+ 20. Kh1 dxe4 21. Qxe4 Rxf2 22. Nd3 Bg6 23. Qe3 Rff8 24. Nc5 Qh4 25. Qh3 Qxh3 26. Bxh3 Nxd4 27. Rf1 Rfe8 28. Rf6 b6 29. Nxe6 Nxe6 30. Bxe6+ Kg7 31. Raf1 Rad8 32. R1f2 Rd1+ 33. Kxh2 Re1 34. Bf5 R1xe5 35. Bxg6 hxg6 36. Rf7+ Kh6 37. Rxa7 Rg5 38. Ra4 Re3 39. Rb4 b5 40. a4 bxa4 41. Rxa4 Rb3 42. Ra3 Rgb5 1/2-1/2

[Event "It (cat.7)"]
[Site "Alushta (Ukraine)"]
[Date "2007.06.04"]
[Round "4"]
[White "Belikov Vladimir (RUS)"]
[Black "Malaniuk Vladimir P (UKR)"]
[Result "1/2-1/2"]
[WhiteElo "2564"]
[BlackElo "2529"]
[PlyCount "36"]
[EventDate "2007.??.??"]
[Source "www.chesslib.no"]
[SourceDate "2004.05.04"]

1. d4 f5 2. Nf3 g6 3. c4 Bg7 4. b4 c6 5. Bb2 a5 6. b5 cxb5 7. cxb5 a4 8. e3 d5 9. Be2 Nf6 10. O-O O-O 11. Nbd2 Nbd7 12. Rc1 Ne4 13. Ba3 Re8 14. Qc2 e6 15. Nxe4 fxe4 16. Nd2 e5 17. Rfd1 exd4 18. exd4 Nf8 1/2-1/2

[Event "Bank Pocztowy Open A, Bydgoszcz POL"]
[Site "?"]
[Date "2001.??.??"]
[Round "9"]
[White "Ulibin, M."]
[Black "Malaniuk, V."]
[Result "0-1"]
[WhiteElo "2580"]
[BlackElo "2510"]
[PlyCount "124"]
[EventDate "2001.??.??"]
[Source "www.chesslib.no"]
[SourceDate "2004.05.04"]

1. d4 f5 2. Nc3 Nf6 3. Bg5 d5 4. Bxf6 exf6 5. e3 Be6 6. Bb5+ c6 7. Bd3 Qb6 8. Rb1 Nd7 9. Qf3 g6 10. Nge2 Bd6 11. a3 Qc7 12. h4 h5 13. Nf4 Bf7 14. g3 Kf8 15. O-O Kg7 16. a4 Ne5 17. dxe5 fxe5 18. Ng2 e4 19. Qd1 exd3 20. cxd3 d4 21. exd4 Rad8 22. b4 Qb6 23. b5 Qxd4 24. Ne2 Qb6 25. Ngf4 c5 26. Qc2 Be7 27. Rfc1 Rd7 28. Qc3+ Qf6 29. Qxf6+ Kxf6 30. b6 a6 31. a5 Bd6 32. Rc2 Re8 33. Rbc1 Bb3 34. Rc3 Ba4 35. Kf1 Bc6 36. Rc4 Kf7 37. R1c2 Rde7 38. Rc1 Rd7 39. R1c2 Red8 40. Rc1 Bb5 41. Rxc5 Bxc5 42. Rxc5 Re8 43. Nc3 Bc6 44. Nd1 Rc8 45. Ke1 Rdd8 46. Kd2 Bf3 47. Rxc8 Rxc8 48. Ne3 Rc5 49. Nc4 Bd5 50. Ne5+ Kg7 51. Nfxg6 Rxa5 52. Nf4 Bf7 53. Nc4 Rb5 54. Kc3 a5 55. Nd6 Rxb6 56. Nxf5+ Kf8 57. Ne3 Be6 58. Nfd5 Rb1 59. Kc2 Re1 60. Kb2 Re2+ 61. Ka3 Rxf2 62. Ka4 Rf3 0-1

[Event "Biel (open)"]
[Site "?"]
[Date "1993.??.??"]
[Round "?"]
[White "Kuzmin, A."]
[Black "Glek, I."]
[Result "1-0"]
[WhiteElo "2555"]
[BlackElo "2535"]
[PlyCount "91"]
[EventDate "1993.??.??"]
[Source "ChessBase"]
[SourceDate "1993.10.01"]

1. d4 f5 2. Nc3 d5 3. Bg5 g6 4. e3 Nh6 5. Nf3 Nf7 6. Bf4 c6 7. Bd3 Bg7 8. Ne2 Nd7 9. c3 e5 10. dxe5 Ndxe5 11. Nxe5 Nxe5 12. h4 O-O 13. Bxe5 Bxe5 14. h5 g5 15. Qd2 h6 16. O-O-O Bg7 17. f4 Qf6 18. fxg5 hxg5 19. h6 Bxh6 20. g4 Qd6 21. gxf5 Rxf5 22. Bxf5 Bxf5 23. Ng3 Qxg3 24. Rxh6 Re8 25. Re1 Be4 26. Rf1 Rf8 27. Rxf8+ Kxf8 28. Rf6+ Kg7 29. Qf2 Qxf2 30. Rxf2 a5 31. Kd2 b5 32. b4 a4 33. a3 Bg6 34. Ke2 Be4 35. Kf1 Bg6 36. Kg2 Be8 37. Rf5 Kg6 38. Rf8 Bf7 39. Rc8 Kf5 40. Rxc6 Ke4 41. Rb6 Kd3 42. Rxb5 Kxc3 43. Rc5+ Kb3 44. b5 Bg6 45. b6 Be4+ 46. Kg3 1-0

[Event "Cappelle Open"]
[Site "Cappelle la Grande FRA"]
[Date "1995.??.??"]
[Round "6"]
[White "Giorgadze, Giorgi"]
[Black "Murey, Jacob I"]
[Result "1-0"]
[WhiteElo "2590"]
[BlackElo "2495"]
[PlyCount "95"]
[EventDate "1995.03.??"]
[Source "www.chesslib.no"]
[SourceDate "2004.05.04"]

1. Nf3 f5 2. d4 Nf6 3. g3 b6 4. Bg2 Bb7 5. O-O g6 6. c4 Bg7 7. Nc3 O-O 8. Bf4 Na6 9. Qd2 Ne4 10. Nxe4 Bxe4 11. Bh6 c6 12. Bxg7 Kxg7 13. Qc3 Rf6 14. Rfd1 Nc7 15. Rac1 d6 16. Ne1 Bxg2 17. Nxg2 Qe8 18. d5 c5 19. Re1 Qf7 20. e4 fxe4 21. Rxe4 Re8 22. Rce1 e5 23. f4 exf4 24. Rxe8 Nxe8 25. Nxf4 h6 26. h4 Qd7 27. Re6 Qf7 28. Re2 Kf8 29. b4 cxb4 30. Qxb4 Kg8 31. Qe1 Ng7 32. Re7 Qf8 33. Rxa7 Nf5 34. Ne6 Qe8 35. Qc3 Rf7 36. Qa3 Rxa7 37. Qxa7 Qf7 38. Qb8+ Kh7 39. Qxb6 Nxg3 40. Qc7 Ne2+ 41. Kg2 Qxc7 42. Nxc7 Nc3 43. a3 Kg8 44. Nb5 Ne4 45. a4 Kf8 46. a5 Nd2 47. Nxd6 Ke7 48. a6 1-0

[Event "Dos Hermanas op"]
[Site "Dos Hermanas"]
[Date "1998.??.??"]
[Round "4"]
[White "Epishin, Vladimir"]
[Black "De la Riva, Oscar"]
[Result "1/2-1/2"]
[WhiteElo "2590"]
[BlackElo "2495"]
[PlyCount "85"]
[EventDate "1998.04.17"]
[Source "www.chesslib.no"]
[SourceDate "2004.05.04"]

1. d4 f5 2. Nf3 Nf6 3. Bg5 e6 4. Nbd2 Be7 5. Bxf6 Bxf6 6. e4 O-O 7. Be2 d5 8. exd5 exd5 9. O-O Nc6 10. c3 Qd6 11. Ne1 Bd7 12. Qb3 Na5 13. Qc2 Rae8 14. Nb3 Nc6 15. Nd3 Ne7 16. Rfe1 Ng6 17. Nd2 b6 18. Rad1 Re7 19. Bf1 Rfe8 20. Rxe7 Rxe7 21. Re1 Rxe1 22. Nxe1 c5 23. Ndf3 Ne7 24. Qd2 Nc6 25. g3 Be6 26. Qe3 c4 27. Ng2 Bf7 28. Ng5 Bh5 29. h4 h6 30. Be2 Bf7 31. Nxf7 Kxf7 32. Nf4 g6 33. Bf3 Ne7 34. Nh3 Kg7 35. Kg2 b5 36. a3 a5 37. Nf4 Kf7 38. Nh3 Kg7 39. Qd2 Qb6 40. Nf4 Qd6 41. Qe3 Kf7 42. Nh3 Kg7 43. Nf4 1/2-1/2

[Event "Russian Club Cup"]
[Site "Maikop"]
[Date "1998.06.12"]
[Round "10"]
[White "Dyachkov, Sergej"]
[Black "Ulibin, Mikhail"]
[Result "0-1"]
[WhiteElo "2510"]
[BlackElo "2575"]
[PlyCount "90"]
[EventDate "1998.06.03"]
[Source "ChessBase"]
[SourceDate "1998.09.30"]

1. d4 e6 2. Nf3 f5 3. Bf4 Nf6 4. e3 b6 5. Bd3 Bb7 6. Nbd2 Be7 7. h3 O-O 8. c3 Be4 9. Bxe4 Nxe4 10. Nxe4 fxe4 11. Nd2 d5 12. O-O c5 13. f3 exf3 14. Qxf3 Nc6 15. Qg3 Qd7 16. Nf3 Rf5 17. dxc5 bxc5 18. e4 dxe4 19. Nd2 Raf8 20. Nxe4 Qd5 21. Qe3 Nd4 22. Rad1 Rxf4 23. Rxf4 Rxf4 24. Rxd4 cxd4 25. Qxf4 Qxa2 26. Qc7 Bf8 27. Nd6 Qb1+ 28. Kh2 Qf1 29. Ne4 dxc3 30. Nxc3 Qf2 31. Qe5 Qf5 32. Qxf5 exf5 33. Nb5 Bc5 34. Kg3 a6 35. Nc3 Bd4 36. Nd5 Bxb2 37. Ne7+ Kf7 38. Nxf5 a5 39. Ne3 a4 40. Nc2 Ke7 41. Kf3 Kd6 42. Ke4 Kc5 43. Kd3 a3 44. Nxa3 Bxa3 45. Ke4 Kd6 0-1

[Event "Groningen (Netherlands)"]
[Site "?"]
[Date "2004.12.29"]
[Round "8"]
[White "L'Ami Erwin"]
[Black "Nijboer Friso"]
[Result "0-1"]
[WhiteElo "2516"]
[BlackElo "2567"]
[PlyCount "82"]
[EventDate "2004.??.??"]
[Source "www.chesslib.no"]
[SourceDate "2004.05.04"]

1. d4 f5 2. Nc3 Nf6 3. Bg5 d5 4. f3 Nc6 5. Qd2 e6 6. O-O-O Bb4 7. e3 O-O 8. Nh3 Rb8 9. Nf4 b5 10. a3 Be7 11. Nxb5 Bd7 12. Nc3 Qc8 13. Nd3 Qb7 14. Nb1 Ne4 15. fxe4 Bxg5 16. b3 Nxd4 17. Nc5 Nxb3+ 18. cxb3 Qc6 19. b4 fxe4 20. Nc3 a5 21. Nxd7 Qxd7 22. b5 Qe7 23. Kb2 c6 24. Ka2 Qc5 25. Na4 Qxe3 26. Qxe3 Bxe3 27. Nc3 Rf2+ 28. Kb3 cxb5 29. Nxb5 Rxf1 30. Rhxf1 Rxb5+ 31. Ka4 Rb2 32. Rb1 Rxb1 33. Rxb1 Kf7 34. Kb3 Kf6 35. Kc3 d4+ 36. Kc4 d3 37. Kc3 Ke5 38. Rb5+ Kf4 39. Rxa5 Bg1 40. Ra8 Ke3 41. a4 Ke2 0-1

[Event "Hamburg-chI"]
[Site "Hamburg"]
[Date "1998.06.04"]
[Round "7"]
[White "Ftacnik, Lubomir"]
[Black "Movsziszian, Karen"]
[Result "1-0"]
[WhiteElo "2580"]
[BlackElo "2500"]
[PlyCount "123"]
[EventDate "1998.05.29"]
[Source "ChessBase"]
[SourceDate "1998.07.07"]

1. d4 f5 2. Nf3 Nf6 3. g3 g6 4. b3 Bg7 5. Bb2 O-O 6. Bg2 h6 7. c4 d6 8. Nc3 Qe8 9. d5 a5 10. Nd4 Na6 11. O-O Nc5 12. Qc2 g5 13. Ncb5 Qd7 14. Ne6 Nxe6 15. dxe6 Qd8 16. Qxf5 c6 17. Nd4 Qe8 18. Qc2 Nh5 19. Be4 Rf6 20. e3 Bxe6 21. Nxe6 Rxe6 22. Bf5 Qf7 23. Rae1 Bxb2 24. Bxe6 Qxe6 25. Qxb2 g4 26. e4 Rf8 27. Qc3 Qe5 28. Qxe5 dxe5 29. Rd1 Nf6 30. f4 gxf3 31. Rxf3 Kf7 32. Rfd3 Ra8 33. Rd8 Ra7 34. Rb8 a4 35. b4 Ke6 36. a3 Nxe4 37. Rh8 Nf6 38. Rxh6 Ra8 39. Rg6 b5 40. c5 Kf5 41. Rg7 Nd5 42. h4 Ke4 43. Rg6 Ne3 44. Re1 Kd3 45. Rxc6 Nc4 46. Re6 Nxa3 47. R6xe5 Nc4 48. Rxe7 a3 49. c6 Kc3 50. Re8 Ra7 51. R1e7 Ra6 52. c7 a2 53. c8=Q a1=Q+ 54. Re1 Qa4 55. Qc5 Rd6 56. R8e3+ Rd3 57. Rc1+ Kd2 58. Rxd3+ Kxc1 59. Qd4 Nb2 60. Qc3+ Kb1 61. Rd2 Nc4 62. Re2 1-0

[Event "Szirak"]
[Site "Szirak"]
[Date "1986.??.??"]
[Round "?"]
[White "Ftacnik, Lubomir"]
[Black "Spraggett, Kevin"]
[Result "1/2-1/2"]
[WhiteElo "2555"]
[BlackElo "2525"]
[PlyCount "32"]
[EventDate "1986.09.??"]
[Source "ChessBase"]

1. Nf3 f5 2. d4 Nf6 3. g3 e6 4. Bg2 Be7 5. O-O O-O 6. b3 Ne4 7. c4 Bf6 8. Bb2 a5 9. a3 Nc6 10. Nbd2 d5 11. Rc1 Bd7 12. Ne1 Be8 13. Ndf3 a4 14. b4 dxc4 15. Rxc4 e5 16. Nc2 Rf7 1/2-1/2

[Event "Kusadasi TUR"]
[Site "?"]
[Date "2006.04.13"]
[Round "9"]
[White "Arutinian David"]
[Black "Nijboer Friso"]
[Result "1/2-1/2"]
[WhiteElo "2507"]
[BlackElo "2571"]
[PlyCount "49"]
[EventDate "2006.??.??"]
[Source "www.chesslib.no"]
[SourceDate "2004.05.04"]

1. d4 f5 2. Nc3 Nf6 3. Bg5 d5 4. Bxf6 exf6 5. e3 Be6 6. Bd3 Nc6 7. Nge2 Qd7 8. a3 Ne7 9. b3 g6 10. Na4 Bf7 11. c4 Bh6 12. O-O O-O 13. Qc2 c6 14. Rfc1 Rfd8 15. Rab1 Qd6 16. g3 Kh8 17. Nc5 Rab8 18. b4 a6 19. a4 dxc4 20. Bxc4 Nd5 21. Qd2 Bg8 22. Bb3 Qe7 23. Nf4 Bxf4 24. exf4 Nc7 25. Bxg8 1/2-1/2

[Event "Corr"]
[Site "?"]
[Date "1997.??.??"]
[Round "?"]
[White "Dorner Joaquin"]
[Black "Johnson Maurice W"]
[Result "0-1"]
[WhiteElo "2460"]
[BlackElo "2618"]
[PlyCount "74"]
[EventDate "1997.??.??"]
[Source "www.chesslib.no"]
[SourceDate "2004.05.04"]

1. d4 f5 2. Nc3 Nf6 3. Bg5 d5 4. Bxf6 exf6 5. e3 c6 6. Bd3 Be6 7. Qf3 g6 8. Nge2 Bd6 9. Nf4 Bf7 10. h3 Nd7 11. g4 fxg4 12. hxg4 Nf8 13. O-O-O Qd7 14. e4 dxe4 15. Bxe4 O-O-O 16. d5 c5 17. Nd3 h5 18. Qxf6 Nh7 19. Qh4 c4 20. Ne1 hxg4 21. Ng2 g5 22. Qh6 Bf8 23. Qh2 Bd6 24. Qg1 Nf6 25. Ne3 Nxe4 26. Rxh8 Rxh8 27. Nxe4 Bf4 28. Kb1 Kb8 29. Nxg4 Qf5 30. f3 Bxd5 31. Qd4 Rh4 32. Ngf6 Bc6 33. Qxc4 a6 34. a3 Bc7 35. Qf7 Rf4 36. Qg8+ Ka7 37. Nd5 Rxf3 0-1

[Event "Las Palmas I"]
[Site "?"]
[Date "1993.??.??"]
[Round "?"]
[White "Izeta, F."]
[Black "Dao Thien Hai"]
[Result "1/2-1/2"]
[WhiteElo "2510"]
[BlackElo "2565"]
[PlyCount "120"]
[EventDate "1993.??.??"]
[Source "www.chesslib.no"]
[SourceDate "2004.05.04"]

1. d4 f5 2. Nc3 Nf6 3. Bg5 d5 4. Bxf6 exf6 5. e3 Nc6 6. Bb5 Be6 7. Bxc6+ bxc6 8. Nge2 Bd6 9. Na4 Qe7 10. Qd3 a5 11. O-O O-O 12. Qc3 Bd7 13. Nc5 Rfb8 14. a3 Qf7 15. b4 axb4 16. axb4 Be8 17. h3 Qh5 18. Nf4 Qh6 19. Nfe6 Bf7 20. Qd3 g6 21. Ra5 Re8 22. Rfa1 Rac8 23. Qa6 f4 24. Nxf4 Bxf4 25. exf4 Qxf4 26. Qd3 g5 27. c3 Bg6 28. Qf3 Qd6 29. Ra6 Rb8 30. Qg3 Re7 31. Qxd6 cxd6 32. Nb3 Rc7 33. Ra7 Rbc8 34. Rxc7 Rxc7 35. Ra8+ Kf7 36. Kf1 Bd3+ 37. Ke1 Bc4 38. Nc1 Re7+ 39. Kd2 Bf1 40. Rc8 Bxg2 41. Rxc6 Bxh3 42. Rxd6 h5 43. Rxd5 h4 44. Ne2 Bg4 45. Ng1 h3 46. Nxh3 Bxh3 47. c4 Bg4 48. b5 Re2+ 49. Kc3 Rxf2 50. b6 Re2 51. Rd8 Re3+ 52. Kb4 Re1 53. c5 Ke7 54. Rh8 Bf3 55. Rc8 Rc1 56. Kb5 Rb1+ 57. Ka6 g4 58. c6 Kd6 59. b7 Bxc6 60. b8=Q+ Rxb8 1/2-1/2

[Event "Masters"]
[Site "Abu Dhabi"]
[Date "2004.08.20"]
[Round "6"]
[White "Ghaem Maghami, Ehsan"]
[Black "Dzhumaev, Marat"]
[Result "1-0"]
[WhiteElo "2552"]
[BlackElo "2520"]
[PlyCount "137"]
[EventDate "2004.08.14"]
[Source "Roberto Alvarez"]
[SourceDate "2004.08.30"]

1. d4 f5 2. Nc3 Nf6 3. Bg5 d5 4. f3 Nc6 5. e4 dxe4 6. Bb5 a6 7. Bxc6+ bxc6 8. fxe4 fxe4 9. Nge2 g6 10. Qd2 Bg7 11. Bh6 O-O 12. Bxg7 Kxg7 13. h3 Be6 14. O-O Qd6 15. Qe3 Bd5 16. Ng3 Rae8 17. Ngxe4 Qe6 18. Rfe1 Nxe4 19. Nxe4 Qf5 20. Re2 e5 21. Ng3 Qf4 22. dxe5 Qh4 23. Rae1 Bf3 24. Qf2 Bxe2 25. Nf5+ Rxf5 26. Qxh4 Rfxe5 27. b3 c5 28. c4 R8e7 29. Qf4 h5 30. Qd2 g5 31. Rxe2 Rxe2 32. Qxg5+ Kf8 33. Qxh5 Rxa2 34. Qxc5 Ke8 35. Qc6+ Kf8 36. h4 Rg7 37. h5 Kg8 38. Qe4 Ra5 39. h6 Rgg5 40. b4 Ra1+ 41. Kh2 Rh5+ 42. Kg3 Ra3+ 43. Kf4 Rxh6 44. Qe8+ Kg7 45. Qd7+ Kg6 46. Qxc7 Rh4+ 47. g4 Rhh3 48. Qd6+ Kf7 49. Qd7+ Kg6 50. Qe6+ Kg7 51. Kg5 Rhf3 52. Qe7+ Rf7 53. Qe5+ Kg8 54. Qe8+ Kg7 55. c5 Raf3 56. c6 Rf8 57. Qe5+ Kh7 58. Qe4+ Kh8 59. c7 Rg8+ 60. Kh4 Rff8 61. Qc6 Kh7 62. Qxa6 Rc8 63. Qd6 Rgf8 64. Qd7+ Kg6 65. b5 Ra8 66. Qe6+ Kg7 67. b6 Rh8+ 68. Kg5 Ra5+ 69. Qf5 1-0